000 00660nab#a2200217#c#4500
999 _c122002
_d122002
003 IEF
005 20191205183549.0
008 950704s1975 uuu|| #####0 b| |u
040 _aIEF
_cES-MaIEF
100 1 _aWilliams, Alan
_961771
245 _aLa provisión óptima de bienes públicos en un sistema de gobierno local
_c Alan Williams
260 _c1975
500 _aConclusiones,Bibliografía
650 4 _aBIENES PUBLICOS
_933416
650 4 _aADMINISTRACION LOCAL
_97293
650 4 _aBIENES PUBLICOS LOCALES
_933417
773 0 _tHacienda pública española
_w34570
_gn. 35, 1975;pags. 405-419
942 _2udc
942 _2udc